| 000 | 00643nam a2200181 i 4500 | ||
|---|---|---|---|
| 001 | 36325 | ||
| 003 | ES-MaACL | ||
| 007 | t| | ||
| 008 | 030217s1983 sp ||||1| spa d | ||
| 100 | 1 |
_aBrosse, Thérèse. _931936 |
|
| 245 | 1 | 0 |
_aConciencia-energía _b: estructura del hombre y del universo, sus implicaciones científicas, sociales y espirituales / _cThérèse Brosse ; versión de Pedro de Casso y Ramón Gimeno. |
| 250 | _a[1ª ed., reimp.]. | ||
| 260 |
_a[Madrid] : _bTaurus, _c[1983] |
||
| 300 |
_a353 p. ; _c21 cm. |
||
| 700 | 1 |
_aCasso, Pedro de. _936367 |
|
| 700 | 1 |
_aGimeno, Ramón. _957084 |
|
| 852 |
_aES-MaACL _jL-4976 _bR.105064 |
||
| 999 |
_c36325 _d36325 |
||